Wales Rugby - Grand Slam winning teams 2005-2012 - Statistics

General Stats
  • This quiz has been taken 361 times
  • The average score is 23 of 34
Answer Stats
Position Player % Correct
3 Adam Jones
98%
Alun-Wyn Jones
98%
6 Ryan Jones
96%
10 Stephen Jones
96%
11 Shane Williams
94%
Mark Jones
93%
Leigh Halfpenny
88%
7 Martyn Williams
88%
1 Gethin Jenkins
86%
Jonathan Davies
86%
2 Mefin Davies
84%
George North
80%
Mike Phillips
80%
Sam Warburton
79%
Jamie Roberts
76%
Taulupe Faletau
71%
Alex Cuthbert
66%
Jonathan Thomas
65%
12 Gavin Henson
64%
James Hook
64%
8 Michael Owen
62%
9 Dwayne Peel
61%
Dan Lydiate
59%
13 Tom Shanklin
58%
Lee Byrne
55%
Rhys Priestland
55%
Ian Evans
51%
Matthew Rees
44%
15 Kevin Morgan
43%
4 Brent Cockbain
31%
Huw Bennett
31%
5 Robert Sidoli
31%
Ian Gough
30%
14 Mark Taylor
24%
No matching quizzes found
Score Distribution
Percent of People with Each Score
Percentile by Number Answered
Your Score History
You have not taken this quiz